000
00271nam a2200109Ia 4500
008
220714s9999 xx 000 0 und d
020
_a
0 86307 776 5
082
_a
J Ref 920 GRE
100
_a
No author, editors only
245
4
_a
The Great Composer: Index
942
_c
BK
_w
561
_x
John Tresidder
_y
561
_z
John Tresidder
999
_c
726711
_d
726710